La música callada: la ciencia de la meditación
Guardado en:
| Autor principal: | |
|---|---|
| Formato: | Libro |
| Lenguaje: | español |
| Publicado: |
Madrid
San Pablo
1994
|
| Edición: | 5a. ed |
| Colección: | Colección Betania, 49
|
| Materias: | |
| Etiquetas: |
Agregar Etiqueta
Sin Etiquetas, Sea el primero en etiquetar este registro!
|
MARC
| LEADER | 00000nam a2200000 a 4500 | ||
|---|---|---|---|
| 001 | UCP0493 | ||
| 003 | CL-VaPUC | ||
| 008 | 990313e19940000SP |||||||||||||||||spa|d | ||
| 082 | 0 | 4 | |a 248.34 |b JOH |2 21 |
| 100 | |a Johnston, William |e author |9 460413 | ||
| 245 | 1 | 3 | |a La música callada: la ciencia de la meditación |
| 250 | |a 5a. ed | ||
| 300 | |a 294 p | ||
| 942 | |c BK | ||
| 945 | |d 19990313 00:00:00 |a aarredon | ||
| 260 | |a Madrid |b San Pablo |c 1994 | ||
| 650 | 0 | |a Espiritualidad |9 267331 | |
| 650 | 7 | |a MEDITACION |2 CL-VaPUC |9 313094 | |
| 650 | 0 | |a Conciencia |9 309452 | |
| 650 | 0 | |a Amistad |9 307341 | |
| 650 | 0 | |a Mística |9 378376 | |
| 583 | |a last modification |c 19990313 00:00:00 |k Rodrigo Vera | ||
| 490 | 0 | |a Colección Betania, 49 | |
| 999 | |c 279268 |d 279266 | ||
| 952 | |0 0 |1 0 |4 0 |6 248_340000000000000_JOH_1994 |7 0 |8 A |9 318256 |a BIBGIM |b BIBGIM |d 2019-11-20 |i 3488292 |o 248.34 JOH 1994 |p 3488292 |r 2025-01-15 |w 2019-11-20 |y BK |k ORI | ||